[Event "zonal 3.4 (w)"]
[Site "Osh KGZ"]
[Date "2013.06.15"]
[Round "9"]
[White "Atabaeva, Ogulgerek"]
[Black "Muminova, Nafisa"]
[Result "0-1"]
[WhiteElo "1994"]
[BlackElo "2321"]
[EventDate "2013.06.07"]
[PlyCount "128"]

1.e4 e5 2.d4 exd4 3.Qxd4 Nc6 4.Qe3 g6 5.Bd2 Bg7 6.Nc3 Nge7 7.O-O-O O-O 8.
Nge2 d5 9.Nxd5 Nxd5 10.exd5 Qxd5 11.Qa3 Bf5 12.Nf4 Qd6 13.Qxd6 cxd6 14.Bd3
Bd7 15.Kb1 Ne5 16.Be4 Bc6 17.Bxc6 bxc6 18.Bb4 Nc4 19.b3 a5 20.Be1 Na3+ 21.
Kc1 a4 22.b4 Nc4 23.c3 Rfe8 24.Bd2 Nxd2 25.Kxd2 Bh6 26.g3 Re4 27.Kd3 d5 
28.Ng2 Re7 29.f4 Bg7 30.Rhe1 Rc7 31.Ne3 Kf8 32.Re2 h5 33.h4 Rd8 34.Kc2 Re7
35.Ree1 Re4 36.Kd3 f5 37.a3 d4 38.cxd4 Bxd4 39.Kc2 Rde8 40.Ng2 Bf2 41.Rxe4
fxe4 42.Kd2 Rd8+ 43.Ke2 Rxd1 44.Kxd1 Bd4 45.Ne1 Ke7 46.Ke2 Ke6 47.Nc2 Bb2 
48.Kd2 Bf6 49.Ne3 Bd4 50.Nc4 Bf2 51.Nb2 Bxg3 52.Ke3 Kf5 53.Nxa4 Bxf4+ 54.
Ke2 Bc1 55.Nc3 Bxa3 56.b5 cxb5 57.Nxb5 Be7 58.Ke3 Bc5+ 59.Ke2 Kg4 60.Nc3 
e3 61.Nd5 Kxh4 62.Nf4 g5 63.Nd3 Bd4 64.Ne1 g4 0-1

[Event "zonal 3.4 (w)"]
[Site "Osh KGZ"]
[Date "2013.06.15"]
[Round "9"]
[White "Nakhbaeva, Guliskhan"]
[Black "Velieva, Hurma"]
[Result "1-0"]
[WhiteElo "2339"]
[BlackElo "1995"]
[EventDate "2013.06.07"]
[PlyCount "55"]

1.d4 Nf6 2.c4 g6 3.Nc3 Bg7 4.e4 d6 5.h3 O-O 6.Bg5 c5 7.d5 e6 8.Bd3 exd5 9.
cxd5 Re8 10.Nf3 c4 11.Bc2 b5 12.a3 a6 13.O-O Nbd7 14.Re1 Bb7 15.Qd2 Nc5 
16.Rad1 Qb6 17.Be3 Nfd7 18.Kh1 a5 19.Bd4 Bxd4 20.Nxd4 b4 21.Na4 Nxa4 22.
Bxa4 Red8 23.Qh6 Nf8 24.Nf5 gxf5 25.exf5 Qxf2 26.f6 Qg3 27.Re4 Bxd5 28.
Rg4+ 1-0

[Event "zonal 3.4 (w)"]
[Site "Osh KGZ"]
[Date "2013.06.15"]
[Round "9"]
[White "Shyngys Kyzy, Aijarkyn"]
[Black "Kurbonboeva, Sarvinoz"]
[Result "0-1"]
[WhiteElo "1777"]
[BlackElo "2097"]
[EventDate "2013.06.07"]
[PlyCount "70"]

1.f4 Nf6 2.Nf3 g6 3.b3 Bg7 4.Bb2 d5 5.e3 O-O 6.Be2 c5 7.O-O Nc6 8.h3 d4 9.
Bb5 Nh5 10.Kh2 Qd6 11.g3 h6 12.Na3 dxe3 13.Bxg7 Nxg7 14.dxe3 Qe6 15.Ng1 
Qxe3 16.Bxc6 bxc6 17.Qf3 Qxf3 18.Nxf3 Rd8 19.Rfe1 Kf8 20.Rad1 Bf5 21.Ne5 
Rac8 22.g4 Be6 23.Rxd8+ Rxd8 24.Nxc6 Rd2+ 25.Kg3 Bd5 26.Ne5 Nh5+ 27.Kh4 
Nxf4 28.Rg1 g5+ 29.Kg3 Ne2+ 30.Kf2 Nxg1+ 31.Kxg1 Be4 32.Nac4 Rg2+ 33.Kf1 
Rxc2 34.Nd7+ Ke8 35.Nxc5 Bg2+ 0-1